000 00665nam a22002297a 4500
005 20250627103728.0
008 250627b |||||||| |||| 00| 0 eng d
017 _aLD.4788
018 _a2025
020 _a9789786041353
040 _aNLN
_bEnglish
_eAACR2
050 _aPR9387.9.A179
_bF195
082 _a823
100 _aACHONULO, Chidiebere
_eaut
_965696
245 _aFalling in love with a lizard /
_cChidiebere Achonulo
260 _aPort-Harcourt, Rivers State :
_bPi Africana Press,
_c2022
300 _avi, 51p. ;
_b 20cm.
563 _a(pbk.)
650 _aNigerian fiction (English)
650 _aNigerian literature (English)
942 _cBK
_n0
999 _c32511
_d32511